• 首页
  • 本馆介绍
  • 公告通知
  • 最新文献
  • 馆藏检索
  • 电子资源
  • 读者导购
  • 参考咨询
  • 我的图书馆
  • 登录
  • 详细信息显示
  • 放入我的书架
  • 预约/预借图书
  • 作者相关作品
  • 分类相关作品
  • 丛书相关作品
  • 出版社相关作品

书目信息

  • 表格格式
  • 工作单格式
  • 卡片格式
题名:
地方政府社会建设绩效评估
    
 
作者: 李晓壮 著
分册:  
出版信息: 北京   社会科学文献出版社·皮书出版分社  2020
页数: 230页
开本: 24cm
丛书名:
单 册:
中图分类: D625.711
科图分类:
主题词: 地方政府--di fang zheng fu--社会发展--评价--成都市
电子资源:
ISBN: 978-7-5201-7473-2
000 01292nam0 2200253 450
001 2160484768
005 20210926145238.0
010    @a978-7-5201-7473-2@dCNY98.00
100    @a20201204d2020 em y0chiy0120 ea
101 0  @achi
102    @aCN@b110000
105    @ay z 000yy
106    @ar
200 1  @a地方政府社会建设绩效评估@Adi fang zheng fu she hui jian she ji xiao ping gu@e基于成都市的实例考察@dPerformance evaluation on social construction of local government@ea case study of Chengdu@f李晓壮著@zeng
210    @a北京@c社会科学文献出版社·皮书出版分社@d2020
215    @a230页@d24cm
330    @a本书从社会建设理论角度探究了地方政府社会建设绩效评估问题。认为社会建设既是社会领域的建设,也是社会主体的建设,从而界定了社会建设的内涵及构成,这对社会建设是什么,建设什么,给出了启示。结合主观调查数据、客观收集数据,对一个市域社区社会建设进行主客观量化研究,以衡量其社会建设发展程度和水平。
510 1  @aPerformance evaluation on social construction of local government@ea case study of Chengdu@zeng
517 1  @a基于成都市的实例考察@Aji yu cheng du shi de shi li kao cha
606 0  @a地方政府@Adi fang zheng fu@x社会发展@x评价@y成都市
690    @aD625.711@v5
701  0 @a李晓壮@Ali xiao zhuang@4著
801  0 @aCN@b百万庄@c20210925
905    @b1299999-1300002@dD625.711@e117@f4
    
    地方政府社会建设绩效评估:基于成都市的实例考察=Performance evaluation on social construction of local government:a case study of Chengdu/李晓壮著.-北京:社会科学文献出版社·皮书出版分社,2020
    230页;24cm
    
    
    ISBN 978-7-5201-7473-2:CNY98.00
    本书从社会建设理论角度探究了地方政府社会建设绩效评估问题。认为社会建设既是社会领域的建设,也是社会主体的建设,从而界定了社会建设的内涵及构成,这对社会建设是什么,建设什么,给出了启示。结合主观调查数据、客观收集数据,对一个市域社区社会建设进行主客观量化研究,以衡量其社会建设发展程度和水平。
●
相关链接 在E读中查询图书 在五车中查询图书 在当当中查询图书 在豆瓣中查询图书


正题名:地方政府社会建设绩效评估     索取号:D625.711/117         预约/预借

序号 登录号 条形码 馆藏地/架位号 状态 备注
1 1299999   212999996   第一样本阅览室/ [索取号:D625.711/117] 在馆    
2 1300000   213000009   第一借阅区/ [索取号:D625.711/117] 在馆    
3 1300001   213000018   第一借阅区/ [索取号:D625.711/117] 在馆    
4 1300002   213000027   第一借阅区/ [索取号:D625.711/117] 在馆    
唐山师范学院图书馆 欢迎您!
大连网信软件有限公司© 版权所有